Využitie výpočtovej techniky vo vybraných predmetoch štúdia odboru organická technológia /

Guardado en:
Detalles Bibliográficos
Autor principal: Kaszonyi, Alexander, 1950- (Autor)
Formato: Libro
Publicado: Bratislava : SVŠT v Bratislave, 1990
Etiquetas: Agregar Etiqueta
Sin Etiquetas, Sea el primero en etiquetar este registro!

MARC

LEADER 00000nam a22000003a 4500
001 stu16849
005 20150617225754.9
008 ------s1990----cs----------------------d
040 |a STU  |b slo 
041 0
044 |a cs 
080 |a 681.3.06.001.5 
100 1 |a Kaszonyi, Alexander,  |d 1950-  |4 aut  |u C8130  |U FCHPT Ústav organickej chémie, katalýzy a petrochémie  |T FCHPT Oddelenie organickej technológie  |X 3295  |U C8130  |Y 123  |7 A000003295 
245 1 |a Využitie výpočtovej techniky vo vybraných predmetoch štúdia odboru organická technológia /  |c [aut.]Kaszonyi,Alexander 
260 |a Bratislava :  |b SVŠT v Bratislave,  |c 1990 
300 |a nepr.str :  |b Grafy,lit 
996 |b CVS138  |c C*VS138  |l CCI  |s A  |a 24  |w stu16849_0001